000 00732nam a2200253Ia 4500
003 OSt
005 20220925224806.0
006 a|||||r|||| 00| 0
007 ta
008 220923b |||||||| |||| 00| 0 eng d
037 _cGeneral Book
040 _aRTL
_cRTL
_beng
041 _2eng
_aeng
082 _aT2:87.3.N6, K2
100 _aEdmonds E L
_9291457
245 0 _aSchool inspector
260 _aLondon
_bRoutledge and Kegan Paul U K
_c1962
300 _ax,202p.
_ccm.
490 _aInternational Library Of Sociology And Social Reconstruction
500 _aBib p. 186-90
650 _aSecondary Education
_9171032
942 _hT2:87.3.N6, K2
_cGB
_2CC
999 _c582169
_d582169